01248nam a2200277 i 4500003000900000005001700009007000300026008004100029020001800070040003000088041000800118082002800126100006700154245013000221264006200351300004500413336002700458337003300485338002800518490004200546546004600588600008700634700004200721740009900763740010800862DO-SdBNP20251013084932.0ta240314s2013 dr o 000 0 spa d a9789945250824 aDO-SdBNPbspacBNPHUerda aspa 4a972.93054092bC111d222 aCaamaño Deñó, Francisco Alberto,d1932-1973eautor4aut.10aDocumentos, informes, apuntes y estudios (1967-1973) /cFrancisco Alberto Caamaño Deñó ; editor, Andrés Blanco Díaz 4aSanto Domingo :bArchivo General de la Nación,c©2023. a510 páginas :bilustraciones ;c23 cm. atextobtxt2rdacontent asin mediaciónbn2rdamedia avolumenbnc2rdacarrier1 aArchivo General de la Nación ;v499 aTexto en español, inglés y francés.14aCaamaño Deñó, Francisco Alberto,d1932-1973xCorrespondenica, memorias, etc.1 aBlanco Díaz, Andrés,eeditor4ed.0 aThe great change : the social and economic transformation of the Dominican Republic, 1963-20130 aLe grand changement : la transformation sociale et économique de la Republique Dominicaine, 1963-2013